000 00668cab a2200265 4500
001 X1369
008 090401t1994 xxu||||| |||| 00| 0 eng d
035 _a(Sirsi) u16544
041 _aeng
100 _aSkitmore, M.
245 _aEstimating processes of smaller builders
260 _c1994
350 _a0
490 _aConstruction Management & Economics
_v12(2) 1994, 139-154(26)
650 _aBILLS OF QUANTITIES
650 _aESTIMATES
650 _aITEM RATES
650 _aPRICING
650 _aTENDERING
650 _aVARIABILITY
690 _aBUILT ENVIRONMENT-BUILDING COSTS
700 _aWilcock, J.
942 _n0
948 _c04/03/1997
999 _c10904
_d10904